| 000 | 01315nam a22002057a 4500 | ||
|---|---|---|---|
| 008 | 160215b xxu||||| |||| 00| 0 eng d | ||
| 020 | _a9966216006 | ||
| 020 | _a9789966216007 | ||
| 050 |
_aBR115.C8 _bI53 2001 |
||
| 245 |
_aInculturating the church in Africa : _b theological and practical perspectives _cPatrick Ryan ... [et al.] ; edited by Cecil McGarry and Patrick Ryan with the dogmatic constitution Lumen Gentium. |
||
| 260 |
_aNairobi, Kenya : _bPaulines Publications Africa, _c2001. |
||
| 300 |
_a271 p. ; _c 21 cm. |
||
| 520 | _apt. 1. Lumen gentium : dogmatic constitution on the Church -- p. 2. Inculturating the Church in Africa: Rethinking African ecclesiology / Peter Kanyandogo. The family : an African metaphor for Trinity and Church / Nicholas Fogliacco. The presence of the Triune God in the Church / David Kyeyune. Pauline churches as God's family / Christian Mhagama. A community of disciples to witness to the Kingdom / Cecil McGarry --Spiritual formation of God's family / Marie Therese Gacambi. The Church as family and the quest for justice and peace in Africa / by Peter Lwa | ||
| 650 |
_aCatholic Church _zAfrica. |
||
| 650 |
_aChristianity and culture _zAfrica. |
||
| 650 | _aCatholic Church. | ||
| 700 | _aRyan, Patrick | ||
| 700 | _aMcGarry, Cecil | ||
| 942 |
_2lcc _cBK |
||
| 999 |
_c45826 _d45826 |
||